| 000 | 00616nam a22001937a 4500 | ||
|---|---|---|---|
| 005 | 20250415125229.0 | ||
| 010 | _aENG-144623 | ||
| 020 |
_c100.00 _a9789380336411 |
||
| 035 | _aEN-128155 | ||
| 037 | _bDBAD | ||
| 082 | _a250.33 | ||
| 100 |
_a Barua, Manmatha Kumar _980570 |
||
| 245 |
_aThe Great Ladies in Buddha's Life/ _b _cManmatha Kumar Barua |
||
| 260 |
_aKolkata _bMaha Bodhi Book Agency _c2012 |
||
| 270 |
_a4A, Bankim Chtterjee Street _bKolkata _e700073 _k2241-9363, 9831077368 _mwww.mahabodhibooks.com |
||
| 300 |
_a96p. _c22cm(Hb) |
||
| 760 | _b1 | ||
| 942 |
_2ddc _cEN _h250.33 _mBAR _e1 |
||
| 999 |
_c210951 _d210951 |
||